000 00575nam a2200193Ia 4500
008 151119s9999||||xx |||||||||||||| ||und||
082 _a891.463
082 _bGKKV31516
100 _a"भडकमकर, अभिराम"
245 _aअसा बालगंधर्व
260 _a--
260 _b--
260 _c2011
600 _a"भडकमकर, अभिराम"
630 _aअसा बालगंधर्व
700 _a"भडकमकर, अभिराम"
730 _aअसा बालगंधर्व
942 _cBOOK
999 _c1083832
_d1083829